000 00183 a2200097 4500
020 _a8434816067
041 _aspa
100 _aCarvajal, Victor
245 _aCuentatrapos
942 _cBK
999 _c28032
_d28032